Tennis Players By Picture - Statistics

General Stats
  • This quiz has been taken 180 times
  • The average score is 7 of 15
Answer Stats
Picture Answer % Correct
Alexander Zverev
100%
Andrey Rublev
100%
Daniil Medvedev
100%
Alexander Bublik
93%
Ben Shelton
93%
Flavio Cobolli
92%
Novak Djoković
92%
Alex de Minaur
91%
Carlos Alcaraz
91%
Casper Ruud
91%
Jannik Sinner
90%
Marin Čilić
90%
Frances Tiafoe
89%
Arthur Fils
88%
Reilly Opelka
88%
Stefanos Tsitsipas
86%
Corentin Moutet
83%
João Fonseca
82%
Taylor Fritz
81%
Lorenzo Musetti
79%
Tommy Paul
77%
Adrian Mannarino
75%
Holger Rune
75%
Hubert Hurkacz
75%
Lorenzo Sonego
75%
Valentin Vacherot
75%
Alejandro Davidovich Fokina
68%
Jaume Munar
67%
Sebastian Korda
67%
Arthur Rinderknech
64%
Karen Khachanov
64%
Alexei Popyrin
62%
Giovanni Mpetshi Perricard
61%
Jack Draper
60%
Rafael Jódar
60%
Cameron Norrie
57%
Tomás Martín Etcheverry
56%
Sebastián Báez
55%
Alejandro Tabilo
54%
Denis Shapovalov
53%
Jakub Menšík
53%
Dino Prižmić
50%
Félix Auger-Aliassime
50%
Francisco Cerúndolo
50%
Gabriel Diallo
50%
Miomir Kecmanović
50%
Roberto Bautista Agut
50%
Tallon Griekspoor
50%
Ugo Humbert
50%
Jiří Lehečka
47%
Juan Manuel Cerúndolo
47%
Tomáš Macháč
47%
Jan Lennard Struff
45%
Learner Tien
45%
Arthur Cazaux
43%
Daniel Altmaier
36%
Damir Džumhur
35%
Rinky Hijikata
35%
Alex Michelsen
33%
Brandon Nakashima
33%
Luca Van Assche
33%
Mattia Bellucci
33%
Valentin Royer
31%
Benjamin Bonzi
30%
Luciano Darderi
30%
Nuno Borges
30%
Pablo Carreño Busta
29%
Fábián Marozsán
27%
Hamad Medjedović
27%
Zizou Bergs
27%
Alexander Blockx
25%
Térence Atmane
25%
Marcos Giron
23%
Aleksandar Kovačević
21%
Márton Fucsovics
21%
Thiago Agustín Tirante
21%
Zachary Svajda
21%
Quentin Halys
20%
Alexander Shevchenko
18%
Ethan Quinn
18%
Kamil Majchrzak
18%
Yannick Hanfmann
18%
Mariano Navone
17%
Román Andrés Burruchaga
17%
Camilo Ugo Carabelli
14%
Botic van de Zandschulp
9%
James Duckworth
9%
Raphaël Collignon
9%
Sebastian Ofner
7%
Patrick Kypson
6%
Aleksandar Vukic
0%
Eliot Spizzirri
0%
Jenson Brooksby
0%
Vít Kopřiva
0%
Yibing Wu
0%
No matching quizzes found
Score Distribution
Percent of People with Each Score
Percentile by Number Answered
Your Score History
You have not taken this quiz